| 000 | 00793cam a22001934a 4500 | ||
|---|---|---|---|
| 005 | 20250605164346.0 | ||
| 008 | 250528s ||||||||||||||||||||||||d | ||
| 035 | _a23873 | ||
| 040 |
_aGR-AtMCL _bgre _dGR-AtMCL _eAACR2 |
||
| 245 | 1 | _aCardiff Conference / Recovered Memory, Metaphors of Mind, Attraction, Intelligence Testing and Religion, Advice for the England World Cup Team | |
| 260 | _c2006 | ||
| 300 | _a63 | ||
| 520 | _aThose That Can and Teach Well, Don't Rally Round to Help Drivers, Age-Old Problems, Snails and Puppy Dogs' Tails and Androgens, Collecting Data on the Internet, Treatment for Psychosis, At the Top of Their Game. | ||
| 700 | 1 |
_aSutton Jon _99351 |
|
| 942 | _cCR | ||
| 710 | 2 |
_aThe British Psychological Society _99823 |
|
| 999 |
_c8792 _d8792 |
||